Who Sang That Country Song? #2 - Statistics

General Stats
  • This quiz has been taken 21 times
    15 since last reset
  • The average score is 13 of 20
Answer Stats
Hint Answer % Correct
Wagon Wheel Darius Rucker / Old Crow Medicine Show
92%
Amarillo By Morning George Strait
92%
Courtesy of the Red White and Blue Toby Keith
92%
Red Dirt Road Brooks & Dunn
85%
Ain't Goin' Down (Til' the Sun Comes Up) Garth Brooks
85%
Ol' Red Blake Shelton
77%
Springsteen Eric Church
77%
Country Roads, Take Me Home John Denver
77%
Cruise Florida Georgia Line
69%
John Deere Green Joe Diffie
69%
Mama Tried Merle Haggard
69%
Fishin' In The Dark Nitty Gritty Dirt Band
69%
Tall, Tall Trees Alan Jackson
62%
Play It Again Luke Bryan
62%
Don't Close Your Eyes Keith Whitley
54%
Hurricane Luke Combs
46%
Jesus Saves Riley Green
46%
Copperhead Road Steve Earle
38%
Kiss an Angel Good Mornin' Charley Pride
31%
Daddy Won't Sell The Farm Montgomery Gentry
23%
No matching quizzes found
Score Distribution
Percent of People with Each Score
Percentile by Number Answered
Your Score History
You have not taken this quiz since the last reset